Trend týždenník o hospodárstve a podnikaní

Guardado en:
Detalles Bibliográficos
Formato: Seriadas
Lenguaje:eslovaco
Publicado: Bratislava TREND Holding 2004
Materias:
Etiquetas: Agregar Etiqueta
Sin Etiquetas, Sea el primero en etiquetar este registro!

MARC

LEADER 00000nas2a22000001 4500
001 0069974
005 20080128155433.4
022 |a 1335-0684 
041 0 |a slo 
044 |a SK 
245 1 0 |a Trend  |b týždenník o hospodárstve a podnikaní 
264 1 |a Bratislava  |b TREND Holding  |c 2004 
773 0 |w eu_un_cat*s120031 
610 2 0 |a podnikanie 
610 2 0 |a rozvoj hospodársky 
610 2 0 |a trh kapitálový